| 000 | 00319 a2200145 4500 | ||
|---|---|---|---|
| 003 | Nust | ||
| 005 | 20170207154318.0 | ||
| 040 | _cNust | ||
| 082 | _a050 | ||
| 100 | _aBrig Hamid Hassan Butt | ||
| 245 | _aQasid 1981 | ||
| 260 |
_aRawapindi _bPap Board _c1981 |
||
| 300 | _aVarious Pages | ||
| 538 | _aAlmirah No.136 Shelf No.1 | ||
| 942 |
_2ddc _cBK |
||
| 999 |
_c196638 _d196638 |
||